English grammar in use : A self-study reference and practice book for intermediate learners of English : with answers
A grammar reference and practice book for intermediate learners of English. An answer section is included, making this version ideal for self-study.
সংরক্ষণ করুন:
| প্রধান লেখক: | |
|---|---|
| বিন্যাস: | গ্রন্থ |
| ভাষা: | Undetermined |
| প্রকাশিত: |
Cambridge
Cambridge University Press
2019
|
| বিষয়গুলি: | |
| ট্যাগগুলো: |
ট্যাগ যুক্ত করুন
কোনো ট্যাগ নেই, প্রথমজন হিসাবে ট্যাগ করুন!
|
| Thư viện lưu trữ: | Trung tâm Học liệu Trường Đại học Cần Thơ |
|---|
| LEADER | 00833nam a2200229Ia 4500 | ||
|---|---|---|---|
| 001 | CTU_238341 | ||
| 008 | 210402s9999 xx 000 0 und d | ||
| 082 | |a 428.24 | ||
| 082 | |b M978 | ||
| 100 | |a Murphy, Raymond | ||
| 245 | 0 | |a English grammar in use : | |
| 245 | 2 | |b A self-study reference and practice book for intermediate learners of English : with answers | |
| 245 | 0 | |c Raymond Murphy | |
| 260 | |a Cambridge | ||
| 260 | |b Cambridge University Press | ||
| 260 | |c 2019 | ||
| 520 | |a A grammar reference and practice book for intermediate learners of English. An answer section is included, making this version ideal for self-study. | ||
| 526 | |a Ngữ pháp trung cấp | ||
| 526 | |b SG280 | ||
| 650 | |a Tiếng Anh,English language | ||
| 910 | |b nthai | ||
| 980 | |a Trung tâm Học liệu Trường Đại học Cần Thơ | ||